| 000 | 00876cam a2200277 a 4500 | ||
|---|---|---|---|
| 001 | 000019762 | ||
| 005 | 20200929170130.0 | ||
| 008 | 771212s1966 sp 001 p spa d | ||
| 035 | _a(OCoLC)3485071 | ||
| 040 |
_aDO-SdBNP _cOKentU _dDLC |
||
| 082 |
_a861.1 _bB485v, 1966 |
||
| 100 | 1 |
_aBerceo, Gonzalo de, _d1197-1264 _93633 |
|
| 245 | 1 | 0 |
_aVida de sancto Domingo de Silos / _cGonzalo de Berceo. |
| 250 | _a4a ed. | ||
| 260 |
_aMadrid : _bEspasa-Calpe, _c1966. |
||
| 300 |
_a152 p. ; _c18 cm. |
||
| 490 | 1 |
_aAustral. Gris: clásicos _v344 |
|
| 650 | 4 |
_aPoesía española _9631 |
|
| 650 | 4 |
_aLiteratura española _9632 |
|
| 600 | 1 | 4 |
_aSILOS, DOMINIGO DE, _cSANTO, _dd. 1073 _942220 |
| 600 | 0 | 0 |
_aÁURIA, _cSANTA, _942221 |
| 740 | 0 | _aVida de sancta Oria, virgen | |
| 830 | 0 |
_aAustral. _pGris: clásicos; _v344 _98199 |
|
| 910 | _aCatalogación derivada / LC | ||
| 910 | _aWM | ||
| 999 |
_c19276 _d19276 |
||